Footballers played with Zlatan Ibrahimovic - Statistics

General Stats
  • This quiz has been taken 91 times
  • The average score is 4 of 15
Answers on the Grid
Answers color-coded by a green-red scale on the quiz's grid according to % correct below.
Paul Pogba
Ronaldinho
Edinson Cavani
David Beckham
Philippe Mexès
Carlos Bacca
Mario Mandžukić
Gabriel Batistuta
Jordi Alba
Wayne Rooney
Wilfried Zaha
Clarence Seedorf
Edgar Davids
Dejan Kulusevski
Lucas Digne
Mauricio Pochettino
Danilo D'Ambrosio
Henrikh Mkhitaryan
Brandon Williams
Antonio Nocerino
Alexis Sánchez
Timothy Fosu-Mensah
Blaise Matuidi
Mitchell Dijks
Franck Tsadjout
Jonathan Ikoné
Javier Pastore
Manuel Locatelli
Andrea Petagna
Sergio Romero
 
Answer Stats
Answer % Correct
Edinson Cavani
73%
Paul Pogba
71%
David Beckham
49%
Ronaldinho
35%
Blaise Matuidi
22%
Wayne Rooney
22%
Javier Pastore
20%
Clarence Seedorf
16%
Mario Mandžukić
16%
Henrikh Mkhitaryan
12%
Sergio Romero
8%
Lucas Digne
6%
Timothy Fosu-Mensah
4%
Antonio Nocerino
0%
Mauricio Pochettino
0%
No matching quizzes found
Score Distribution
Percent of People with Each Score
Percentile by Number Answered
Your Score History
You have not taken this quiz